US States with Glaciers during the Ice Ages - Statistics

General Stats
  • This quiz has been taken 445 times
  • The average score is 32 of 35
Answer Stats
Answer % Correct
Alaska
98%
Washington
98%
North Dakota
97%
California
96%
Maine
96%
Montana
96%
New York
96%
Oregon
96%
South Dakota
96%
Colorado
95%
Illinois
95%
Ohio
95%
Idaho
94%
Vermont
94%
Indiana
93%
Michigan
93%
New Hampshire
93%
Wyoming
93%
Kansas
92%
Minnesota
92%
Pennsylvania
92%
Rhode Island
92%
Connecticut
91%
Iowa
91%
Missouri
91%
Nebraska
91%
Arizona
90%
Kentucky
90%
Massachusetts
90%
Nevada
90%
New Jersey
90%
Wisconsin
89%
New Mexico
88%
Utah
88%
Hawaii
78%
No matching quizzes found
Score Distribution
Percent of People with Each Score
Percentile by Number Answered
Your Score History
You have not taken this quiz